মানুষ ও রসুল মুহাম্মদ: (Record no. 28956)
[ view plain ]
| 000 -LEADER | |
|---|---|
| fixed length control field | 00980nam a22002177a 4500 |
| 003 - CONTROL NUMBER IDENTIFIER | |
| control field | BDDh-ASL |
| 005 - DATE AND TIME OF LATEST TRANSACTION | |
| control field | 20231016062619.0 |
| 008 - FIXED-LENGTH DATA ELEMENTS--GENERAL INFORMATION | |
| fixed length control field | 220619s2019 b ||||| |||| 00| 0 b d |
| 040 ## - CATALOGING SOURCE | |
| Transcribing agency | BDDh-ASL |
| 082 ## - DEWEY DECIMAL CLASSIFICATION NUMBER | |
| Classification number | 922 |
| Item number | SAM |
| 100 1# - MAIN ENTRY--PERSONAL NAME | |
| 9 (RLIN) | 6336 |
| Personal name | সালাহি, আদিল |
| 245 1# - TITLE STATEMENT | |
| Title | মানুষ ও রসুল মুহাম্মদ: |
| Remainder of title | সাল্লাল্লাহু আলাইহি ওয়াসাল্লাম / |
| 246 ## - VARYING FORM OF TITLE | |
| Title proper/short title | Manush O Rasul Muhammad. |
| 260 ## - PUBLICATION, DISTRIBUTION, ETC. | |
| Place of publication, distribution, etc. | ঢাকা: |
| Name of publisher, distributor, etc. | খোশরোজ কিতাব মহল লি:, |
| Date of publication, distribution, etc. | ২০১৯। |
| 300 ## - PHYSICAL DESCRIPTION | |
| Extent | ১০৭৮ পৃষ্ঠা: |
| Dimensions | ২২ সে.মি. |
| 504 ## - BIBLIOGRAPHY, ETC. NOTE | |
| Bibliography, etc. note | গ্রন্থপঞ্জি ও নির্ঘণ্ট সংযুক্ত । |
| 600 10 - SUBJECT ADDED ENTRY--PERSONAL NAME | |
| 9 (RLIN) | 6337 |
| Personal name | মুহাম্মদ, হযরত |
| Titles and other words associated with a name | (সঃ) |
| 650 #0 - SUBJECT ADDED ENTRY--TOPICAL TERM | |
| Topical term or geographic name entry element | biographical dictionary - চরিতাভিধান |
| 9 (RLIN) | 4665 |
| 700 1# - ADDED ENTRY--PERSONAL NAME | |
| 9 (RLIN) | 4458 |
| Personal name | জাফর, আবু |
| 942 ## - ADDED ENTRY ELEMENTS (KOHA) | |
| Source of classification or shelving scheme | Dewey Decimal Classification |
| Koha item type | Books |
| Withdrawn status | Lost status | Source of classification or shelving scheme | Damaged status | Not for loan | Collection code | Home library | Current library | Shelving location | Date acquired | Source of acquisition | Total Checkouts | Full call number | Barcode | Date last seen | Copy number | Price effective from | Koha item type |
|---|---|---|---|---|---|---|---|---|---|---|---|---|---|---|---|---|---|
| Dewey Decimal Classification | Non-fiction | Asiatic Society Library | Asiatic Society Library | General Stacks | 06/19/2022 | Complementary | 922 SAM | 117072 | 06/19/2022 | C-1 | 06/19/2022 | Books | |||||
| Dewey Decimal Classification | Non-fiction | Asiatic Society Library | Asiatic Society Library | General Stacks | 06/19/2022 | Complementary | 922 SAM | 117073 | 06/19/2022 | C-2 | 06/19/2022 | Books |